Beneficios de las aves insectívoras / (Record no. 68488)

MARC details
000 -LEADER
campo de control de longitud fija 00900nam a22002175i 4500
001 - NÚMERO DE CONTROL
campo de control 68488
003 - IDENTIFICADOR DE NÚMERO DE CONTROL
campo de control ES-MaACL
005 - FECHA Y HORA DE LA ÚLTIMA TRANSACCIÓN
campo de control 20230906170309.0
007 - CAMPO FIJO DE DESCRIPCIÓN FÍSICA--INFORMACIÓN GENERAL
campo de control de longitud fija t|
008 - DATOS DE LONGITUD FIJA--INFORMACIÓN GENERAL
campo de control de longitud fija 960805s1882 sp ||||1| spa d
100 1# - ENTRADA PRINCIPAL--NOMBRE DE PERSONA
Nombre de persona García Maceira, Antonio.
9 (RLIN) 54871
245 10 - MENCIÓN DEL TÍTULO
Título Beneficios de las aves insectívoras /
Mención de responsabilidad, etc. por Don Antonio García Maceira.
260 ## - PUBLICACIÓN, DISTRIBUCIÓN, ETC.
Lugar de publicación, distribución, etc. Madrid :
Nombre del editor, distribuidor, etc. [s.n.],
Fecha de publicación, distribución, etc. 1882 (
Fabricante Estab. Tip. de Gregorio Juste)
300 ## - DESCRIPCIÓN FÍSICA
Extensión 26 p. ;
Dimensiones 21 cm.
530 ## - NOTA DISPONIBLE DE FORMULARIO FÍSICO ADICIONAL
Nota de formato físico adicional disponible Disponible en formato digital.
586 ## - NOTA DE PREMIOS
Nota de premios Obra premiada en el primer concurso público celebrado en 1881 por la Sociedad Madrileña Protectora de los Animales y de las Plantas
650 #4 - PUNTO DE ACCESO ADICIONAL DE MATERIA--TÉRMINO DE MATERIA
Término de materia o nombre geográfico como elemento de entrada Aves útiles.
9 (RLIN) 150849
710 2# - ENTRADA AGREGADA--NOMBRE DE ENTIDAD CORPORATIVA
Nombre de entidad corporativa o nombre de jurisdicción como elemento de entrada Sociedad Madrileña Protectora de los Animales y de las Plantas.
9 (RLIN) 155021
852 4# - LOCALIZACIÓN
Ubicación ES-MaACL
Número de control de estantería T-360-F-24
856 4# - LOCALIZACIÓN Y ACCESO ELECTRÓNICOS
Identificador Uniforme de Recursos <a href="http://bdh-rd.bne.es/viewer.vm?id=0000101234&page=1 ">http://bdh-rd.bne.es/viewer.vm?id=0000101234&page=1 </a>
Nota pública Biblioteca Digital Hispánica
Holdings
Estatus retirado Estado de pérdida Estado de daño No para préstamo Colección Biblioteca de origen Biblioteca actual Ubicación en estantería Fecha de adquisición Fuente de adquisición Total de préstamos Signatura topográfica completa Código de barras Visto por última vez Precio de reemplazo Tipo de ítem Koha
        Colección de folletos Biblioteca del Ateneo de Madrid Biblioteca del Ateneo de Madrid Depósito folletos 17/01/2008     T-360-F-24 1071696 23/02/2023 23/02/2023 Folleto